Revista de la Universidad de Yucatán : septiembre-octubre de 1961 /

Enregistré dans:
Détails bibliographiques
Autres auteurs: Menéndez Díaz, Conrado (dirección) (dirección)
Format: Livre
Langue:espagnol
Publié: Mérida, México : Universidad de Yucatán, 1961
Sujets:
Tags: Ajouter un tag
Pas de tags, Soyez le premier à ajouter un tag!

MARC

LEADER 00000nam^a2200000^a^4500
001 000131626
005 20250521000000.0
009 20260310095030.209
037 |a Acervo ITESO - Biblioteca 
041 |a ESP 
082 |a 050.  |b YUC 1961 V. 17 T. 3 
240 1 1 |a [Revista de la Universidad de Yucatán] 
245 0 0 |a Revista de la Universidad de Yucatán :  |b septiembre-octubre de 1961 /  |c Dir. de C. Menéndez Díaz. 
264 1 |a Mérida, México :  |b Universidad de Yucatán,  |c 1961 
300 |a 122 p. 
336 |a texto  |b txt  |2 rdacontenido 
337 |a sin mediación  |b n  |2 rdamedio 
338 |a volumen  |b nc  |2 rdasoporte 
649 |a XX 
650 |a Publicaciones Periódicas Mexicanas 
650 |a Universidad de Yucatán -  |x Publicaciones Periódicas 
650 |a Leyendas Mexicanas 
650 |a Pintura Mural -  |z Yucatán 
650 |a Música -  |z México -  |x Historia -  |y Siglo XX 
650 |a Educación Media Superior 
650 |a Iglesia Católica en Chiapas -  |x Historia -  |y Epoca Colonial, 1517-1821 
650 |a Iglesia Católica en México -  |x Historia -  |y Epoca Colonial, 1517-1821 
650 |a Quintana Roo -  |x Historia 
650 |a México -  |x Historia 
650 |a Músicos Mexicanos 
650 |a Dominicos en México 
650 |a Religiosos Españoles 
650 |a Río Escalante, Gustavo 
650 |a Casas, Bartolomé de las,  |c Fray 
700 |a Menéndez Díaz, Conrado  |e (dirección) 
910 |a Fondo Salvador Reynoso Reynoso 
920 |a Impresos - Libros 
930 |a Fondos Especiales 
905 |a 112 
901 |a 0800012230  |b IT2  |c ESP  |u 20250521 
902 |a https://opac.biblio.iteso.mx/vufind/Record/000131626